000 00629nam a2200217Ia 4500
003 GCL
008 140319s9999 xx 000 0 ara d
040 _aGCL /
_cGCL
082 0 4 _aط
_b214
_bا م
100 1 _aاحمد سويلم العمرى
245 1 0 _aمكة المكرمة /
_cاحمد سويلم العمرى
260 _a[S.N] :
_bسفير ،
_c1993
300 _a16 ص
490 _aمدائن اسلامية
_v0
650 0 4 _aالاطفال
650 0 4 _aمكة المكرمة
650 0 4 _aالمدن
650 0 4 _aالحياة الدينية
650 0 4 _aالمدينة المنورة
942 _2ddc
_cBK
999 _c57484
_d57484